Tamils and LTTE in sri lanka perspective and prospects / (Record no. 151835)

MARC details
000 -LEADER
fixed length control field 00711nam a22001937a 4500
005 - DATE AND TIME OF LATEST TRANSACTION
control field 20180503105048.0
010 ## - LCCN (DPL NO)
LC control number ENG-122860
020 ## - INTERNATIONAL STANDARD BOOK NUMBER
International Standard Book Number 9788170494010
Terms of availability 995.00
035 ## - SYSTEM CONTROL NUMBER
System control number EN-106392
037 ## - SOURCE OF ACQUISITION
Source of stock number/acquisition DBAD/PUB
082 ## - DEWEY DECIMAL CLASSIFICATION NUMBER
Classification number 954.93032
100 ## - MAIN ENTRY--PERSONAL NAME
Personal name Chander Prakash Singh
245 ## - TITLE STATEMENT
Title Tamils and LTTE in sri lanka perspective and prospects /
Statement of responsibility, etc by Chander Prakash Singh
260 ## - PUBLICATION, DISTRIBUTION, ETC. (IMPRINT)
Place of publication, distribution, etc New Delhi
Name of publisher, distributor, etc Manas Publications
Date of publication, distribution, etc 2016
270 ## - ADDRESS
Address 4402/5-A, Ansari Road, (Opp. HDFC Bank) Darya Ganj,
City New Delhi
Postal code 110002
Telephone number 011-23260783, 23265523
Electronic mail address manaspublications@yahoo.com
300 ## - PHYSICAL DESCRIPTION
Extent 9, 224p.
Dimensions 22cm(Hb)
Other physical details ill.
500 ## - GENERAL NOTE
General note It include bibliography and index
942 ## - ADDED ENTRY ELEMENTS (KOHA)
Source of classification or shelving scheme Dewey Decimal Classification
Item type English Books
Call number suffix CHA
Classification part 954.93032
Holdings
Withdrawn status Lost status Not for loan Collection code Home library Current library Date acquired Source of acquisition Cost, normal purchase price Full call number Barcode Copy number Cost, replacement price Koha item type
    Not For Loan Non-fiction D.B.Act.Division Patel Nagar 03/05/2018 DBAD/PUB 995.00 954.93032 CHA EN-106392 1 995.00 English Books

© Delhi Public Library
Hit Counter
free hit counter